The answer ends with an F - Statistics

General Stats
  • This quiz has been taken 50 times
  • The average score is 9 of 15
Answer Stats
Hint Answer % Correct
You wrap it round your neck in Winter Scarf
98%
Capital of Wales Cardiff
93%
When you cannot hear Deaf
89%
The flesh of cattle when used as food Beef
82%
The foot of a horse Hoof
82%
One of Snow White's companions Dwarf
73%
Not floppy Stiff
69%
Canadian national park Banff
60%
You get in in your belly button Fluff
58%
Capital city of The German region of North Rhine-Westphalia Dusseldorf
47%
Character who appears in three of Shakespeare' plays Falstaff
27%
1979 US number 1 single for Donna Summer Hot Stuff
24%
First name of Welsh comedian and actor Rhys-Jones Griff
20%
English ceramic artist 1899 - 1972 Clarice Cliff
16%
1975 UK number 1 single by Telly Savalas If
16%
No matching quizzes found
Score Distribution
Percent of People with Each Score
Percentile by Number Answered
Your Score History
You have not taken this quiz